Análisis de la influencia del ciclo de vida familiar en el gasto de los hogares españoles en alimentación (Registro nro. 23252)

Detalles MARC
000 -LEADER
fixed length control field 00521 a2200133 4500
001 - CONTROL NUMBER
control field ART_8070
005 - DATE AND TIME OF LATEST TRANSACTION
control field 20260410161831.0
008 - FIXED-LENGTH DATA ELEMENTS--GENERAL INFORMATION
fixed length control field 260409a
100 1# - MAIN ENTRY--PERSONAL NAME
Personal name Peris, Salvador Miguel
245 10 - TITLE STATEMENT
Title Análisis de la influencia del ciclo de vida familiar en el gasto de los hogares españoles en alimentación
700 1# - ADDED ENTRY--PERSONAL NAME
Personal name Caplliure Giner, Eva
700 1# - ADDED ENTRY--PERSONAL NAME
Personal name Aldás Manzano, Joaquín
773 0# - HOST ITEM ENTRY
Title Boletín de estudios económicos
Related parts Nuevas tendecnias en marketing - Año 55, Nº 171 (dic. 2000)
Record control number REV5142

No hay ítems disponibles.